Motif programming manual
Αποθηκεύτηκε σε:
| Κύριος συγγραφέας: | |
|---|---|
| Άλλοι συγγραφείς: | , |
| Μορφή: | Βιβλίο |
| Γλώσσα: | English |
| Δημοσίευση: |
Sebastopol, CA :
O'Reilly & Associates,
1994
|
| Έκδοση: | 2nd ed. |
| Σειρά: | Definitive guides to the X Window System ;
; v. 6A |
| Θέματα: | |
| Ετικέτες: |
Προσθήκη ετικέτας
Δεν υπάρχουν, Καταχωρήστε ετικέτα πρώτοι!
|
MARC
| LEADER | 00000nam a2200000 i 4500 | ||
|---|---|---|---|
| 001 | 1/95996 | ||
| 008 | 991213s1994 eng d | ||
| 020 | |a 1-56592-016-3 | ||
| 035 | |l 10055556 | ||
| 040 | |a GR-MY-UA |b gre |e aacr | ||
| 041 | 0 | |a eng | |
| 082 | 0 | |a 005.43 | |
| 100 | 1 | |a Heller, Dan. | |
| 245 | 1 | 0 | |a Motif programming manual / |c by Dan Heller and Paula M. Ferguson ; UIL material by David Brennan |
| 250 | |a 2nd ed. | ||
| 260 | |a Sebastopol, CA : |b O'Reilly & Associates, |c 1994 | ||
| 300 | |a xxv, 972 p.; |b ill.; |c 24 cm. | ||
| 490 | 1 | |a Definitive guides to the X Window System |v ; v. 6A | |
| 504 | |a Includes index | ||
| 630 | 0 | 0 | |a Motif (Computer file) |
| 650 | 0 | 0 | |a X Window System (Computer system) |
| 700 | 1 | |a Ferguson, Paula M. | |
| 700 | 1 | |a Brennan, David. | |
| 830 | 0 | |a Definitive guides to the X Window System ; |v ; v. 6A | |
| 852 | |a INST |b SAMOS |e 19991213 |h 005.43 HEL |p 005300016318 |q 005300016318 |t BK |y 0 | ||
| 901 | |a BIBL3-2000-2 | ||
| 909 | |a Σ |b 070975 | ||
| 922 | |a 3ΕΛΗ |b 199911 |c ΤΠΕΣ |d ΠΑΠΑΣΩΤΗΡΙΟΥ | ||
| 950 | |a 133-1999-07-20 | ||
| 970 | |z 2000/05/ΜΠΡΑΤΤΗΣ | ||